Guide to highway law for architects, engineers, surveyors and contractors. (Record no. 95165)

MARC details
000 -LEADER
fixed length control field 00924cam a2200253 4500
008 - FIXED-LENGTH DATA ELEMENTS--GENERAL INFORMATION
fixed length control field 090401t1991 xxu||||| |||| 00| 0 eng d
020 ## - INTERNATIONAL STANDARD BOOK NUMBER
International Standard Book Number 0419173307
035 ## - SYSTEM CONTROL NUMBER
System control number (Sirsi) u69198
041 ## - LANGUAGE CODE
Language code of text/sound track or separate title eng
050 ## - LIBRARY OF CONGRESS CALL NUMBER
Classification number 625.7026
100 ## - MAIN ENTRY--PERSONAL NAME
Personal name O`Hara, Robert A.
245 ## - TITLE STATEMENT
Title Guide to highway law for architects, engineers, surveyors and contractors.
260 ## - PUBLICATION, DISTRIBUTION, ETC.
Place of publication, distribution, etc. London
Name of publisher, distributor, etc. E. & F. N. Spon
Date of publication, distribution, etc. 1991
300 ## - PHYSICAL DESCRIPTION
Extent viii,141p. ; 21cm.
350 ## - PRICE (NR) (BK AM CF MU VM SE) [OBSOLETE]
Price 25
520 ## - SUMMARY, ETC.
Summary, etc. A basic guide for building professionals who are likely to be engaged on work on or near a highway. Includes sections on rights of adjacent owners, making up new streets and civil liability together with a selection of relevant law cases.
650 ## - SUBJECT ADDED ENTRY--TOPICAL TERM
Topical term or geographic name entry element HIGHWAY LAW
650 ## - SUBJECT ADDED ENTRY--TOPICAL TERM
Topical term or geographic name entry element HIGHWAY MAINTENANCE
650 ## - SUBJECT ADDED ENTRY--TOPICAL TERM
Topical term or geographic name entry element CONSTRUCTION WORK
650 ## - SUBJECT ADDED ENTRY--TOPICAL TERM
Topical term or geographic name entry element HIGHWAY IMPROVEMENTS
690 ## - LOCAL SUBJECT ADDED ENTRY--TOPICAL TERM (OCLC, RLIN)
Topical term or geographic name as entry element HIGHWAYS RIGHTS OF WAY AND EASEMENTS
942 ## - ADDED ENTRY ELEMENTS (KOHA)
Suppress in OPAC 0
948 ## - LOCAL PROCESSING INFORMATION (OCLC); SERIES PART DESIGNATOR (RLIN)
c (OCLC) 04/03/1997
Holdings
Withdrawn status Lost status Source of classification or shelving scheme Damaged status Not for loan Home library Current library Shelving location Date acquired Cost, normal purchase price Total Checkouts Full call number Barcode Date last seen Date last checked out Copy number Cost, replacement price Price effective from Koha item type
    Dewey Decimal Classification     London London Books 17/02/1992 25.00 2 625.7026 30025822 06/08/2019 07/02/2007 1 25.00 06/08/2019 Book